000 01128nam a22002295i 4500
001 158002
003 ES-MaACL
005 20250831103958.0
008 990623s1892 sp af |||| | spa d
040 _aCCPB | B
_bspa
_cCCPB | B
100 1 _aCedillo, Jerónimo López de Ayala y Álvarez de Toledo,
_cConde de,
_d1862-1934
_937325
245 1 0 _aSanta María de Porqueras /
_cpor Jerónimo López de Ayala y del Hierro, Vizconde de Palazuelos.
260 _aGerona :
_bImprenta y librería de Paciano Torres,
_c1892.
300 _a60 p., [2] h. de grab. :
_bil. ;
_c26 cm.
594 1 _aEn port.: "Monografía artística premiada por la Asociación Literária de Gerona"
599 _aLas h. de lám. son litogr., planta y portada de la Iglesia de Santa María de Porqueras.
610 2 7 _aIglesia de Santa María (Porqueras)
_2
_9134450
852 _aES-MaACL
_jZ-2-F-2
_z-- Rust.
_z-- Dedicatoria ms. del autor a Manuel Colmeiro
856 _uhttps://patrimoniodigital.ucm.es/s/patrimonio/item/559835
_yVersión digital en línea
_z(Patrimonio Digital Complutense)
942 _2udc
999 _c158002
_d158002